Graham Greene : his mind and art /

Bibliographic Details
Main Author: Lamba, B. P.
Format: Book
Language:English
Published: New York : Apt Books, [1987]
Subjects:

MARC

Tag First Indicator Second Indicator Subfields
LEADER 00000cam a2200000 a 4500
001 in00000017406
005 20151007053541.0
008 871008s1987 nyu b 00110beng d
020 |a 0865907935 
035 |a (OCoLC)16828875 
035 |9 AAB2040AM 
040 |a LAS  |c LAS  |d TXA  |d UtOrBLW 
049 |a TXAM  |c [A10990092] 
050 4 |a PR6013.R44  |b Z652 1987 
100 1 |a Lamba, B. P. 
245 1 0 |a Graham Greene :  |b his mind and art /  |c B.P. Lamba. 
264 1 |a New York :  |b Apt Books,  |c [1987] 
264 4 |c ©1987 
300 |a 102 pages ;  |c 22 cm. 
336 |a text  |b txt  |2 rdacontent 
337 |a unmediated  |b n  |2 rdamedia 
338 |a volume  |b nc  |2 rdacarrier 
504 |a Bibliography: pages [97]-102. 
500 |a Includes index. 
600 1 0 |a Greene, Graham,  |d 1904-1991  |x Criticism and interpretation. 
999 |a MARS 
999 f f |s e52228e0-6115-3d45-8c95-d45aff6d8fef  |i 74295199-5de7-3bb3-b424-763911f172a9  |t 0 
952 f f |p normal  |a Texas A&M University  |b College Station  |c Sterling C. Evans Library  |d Evans: Library Stacks  |t 0  |e PR6013.R44 Z652 1987  |h Library of Congress classification  |i unmediated -- volume  |m A14810990092 
998 f f |a PR6013.R44 Z652 1987  |t 0  |l Evans: Library Stacks